A million Fires : (Record no. 130893)

MARC details
000 -LEADER
fixed length control field 00654nam a22002297a 4500
005 - DATE AND TIME OF LATEST TRANSACTION
control field 20170124110119.0
010 ## - LIBRARY OF CONGRESS CONTROL NUMBER
LC control number A-541599
020 ## - INTERNATIONAL STANDARD BOOK NUMBER
Terms of availability 00.00
International Standard Book Number 8170187044
035 ## - SYSTEM CONTROL NUMBER
System control number A-541599
037 ## - SOURCE OF ACQUISITION
Source of stock number/acquisition Cen Lib/Ret
040 ## - CATALOGING SOURCE
Original cataloging agency DPL
Language of cataloging EN
082 ## - DEWEY DECIMAL CLASSIFICATION NUMBER
Classification number N
Item number GIL
100 ## - MAIN ENTRY--PERSONAL NAME
Personal name Gill, Raj
9 (RLIN) 30358
245 ## - TITLE STATEMENT
Title A million Fires :
Statement of responsibility, etc by Raj Gill
Remainder of title a novel /
260 ## - PUBLICATION, DISTRIBUTION, ETC. (IMPRINT)
Place of publication, distribution, etc Delhi
Name of publisher, distributor, etc B.R. Publishing Corporation
Date of publication, distribution, etc 1992
270 ## - ADDRESS
City Delhi
Address 29/9, nangia park, shakti nagar
Postal code 110007
300 ## - PHYSICAL DESCRIPTION
Extent 223p.
Dimensions 19cm(Hb)
490 ## - SERIES STATEMENT
Series statement New world literature series:50
650 ## - SUBJECT ADDED ENTRY--TOPICAL TERM
Topical term or geographic name as entry element Literature fiction
9 (RLIN) 72801
650 ## - SUBJECT ADDED ENTRY--TOPICAL TERM
Topical term or geographic name as entry element English Novel
9 (RLIN) 14422
942 ## - ADDED ENTRY ELEMENTS (KOHA)
Source of classification or shelving scheme Dewey Decimal Classification
Koha item type English Books
Classification part N
Call number suffix GIL
Holdings
Withdrawn status Lost status Damaged status Not for loan Home library Current library Date acquired Source of acquisition Cost, normal purchase price Total Checkouts Full call number Barcode Date last seen Copy number Cost, replacement price Price effective from Koha item type Public note
Written off       Central Library Central Library 10/07/2015 Cen Lib/Ret 0.00   N GIL A-541599 10/07/2015 1 0.00 10/07/2015 English Books Written off on approval by DLB (By Circulation); dtd 15-06-2023

© Delhi Public Library
Hit Counter
free hit counter